| 000 | 00794nam a2200205Ii 4500 | ||
|---|---|---|---|
| 003 | JO-AjNU | ||
| 008 | 230605s9999||||xx |||||||||||||| ||und|| | ||
| 040 |
_aJO-AjNU _bara _erda _cJO-AjNU |
||
| 041 | _aara | ||
| 050 | 1 | 4 | _aBP137.5.K5.A8634 1988 |
| 100 | 3 |
_aبن محمد، شهاب الدين ابي الفضل احمد بن علي بن محمد، شرح وتعليق سمير حسين حلبي, _eauthor _939132 |
|
| 245 | 0 | 0 | _aالزهر النضر في نبا الخضر |
| 250 | _aط1 | ||
| 264 | 3 | 1 | _aبيروت: دار الكتب العلمية، 1988 |
| 300 | _a152ص | ||
| 336 |
_atext _btxt _2rdacontent |
||
| 337 |
_aunmediated _bn _2rdamedia |
||
| 338 |
_avolume _bnc _2rdacarrier |
||
| 650 | 4 |
_aالانبياء- قصص الانبياء- الخضر عليه السلام _939133 |
|
| 999 |
_aA16501 _c20069 _d20069 |
||